Least Famous Countries of the World - Statistics

General Stats
  • This quiz has been taken 159 times
  • The average score is 6 of 10
Answer Stats
# Country % Correct
2 Nauru
88%
1 East Timor
74%
8 Tonga
72%
3 Brunei
71%
7 St Vincent & Grenadines
65%
10 São Tomé & Príncipe
60%
5 Kyrgyzstan
54%
9 Djibouti
46%
6 Luxembourg
46%
4 Vatican City
37%
No matching quizzes found
Score Distribution
Percent of People with Each Score
Percentile by Number Answered
Your Score History
You have not taken this quiz